The change masters
Zapisane w:
| 1. autor: | |
|---|---|
| Format: | Książka |
| Język: | Undetermined |
| Wydane: |
New York
Simon and Schuster
1983
|
| Hasła przedmiotowe: | |
| Etykiety: |
Dodaj etykietę
Nie ma etykietki, Dołącz pierwszą etykiete!
|
| Thư viện lưu trữ: | Trung tâm Học liệu Trường Đại học Cần Thơ |
|---|
| LEADER | 00455nam a2200169Ia 4500 | ||
|---|---|---|---|
| 001 | CTU_78166 | ||
| 008 | 210402s9999 xx 000 0 und d | ||
| 082 | |a 658.3 | ||
| 082 | |b K16 | ||
| 100 | |a Kanter, Rosabeth Moss | ||
| 245 | 4 | |a The change masters | |
| 245 | 0 | |c Rosabeth Moss Kanter | |
| 260 | |a New York | ||
| 260 | |b Simon and Schuster | ||
| 260 | |c 1983 | ||
| 650 | |a Organizational change | ||
| 980 | |a Trung tâm Học liệu Trường Đại học Cần Thơ | ||